000 003160000a22001090004500
100 1 _aLittle, Christopher
245 1 0 _aWhen two bikes split a church
300 _aVol.22, núm.5 (December, 2000), Páginas 25-27
520 _aThe powerful effect of an act of generosity.
773 0 _tMission Frontiers
942 _cANA
999 _c60391
_d60391